000 00234nam a22000977a 4500
008 180803b xxu||||| |||| 00| 0 eng d
082 _a813.52
245 _aGod's gonna trouble the water
_cETV
300 _a1
_fCassette
942 _2ddc
_cMX
999 _c46752
_d46752